[Event "IPCA Wch-B 13th"]
[Site "Velke Losiny"]
[Date "2013.06.25"]
[Round "9"]
[White "Hajek, Jiri1111"]
[Black "Sergeev, Alexander"]
[Result "0-1"]
[WhiteElo "1870"]
[BlackElo "2364"]
[PlyCount "70"]
[EventDate "2013.06.18"]
[EventType "swiss"]
[EventRounds "9"]
[EventCountry "CZE"]
[SourceTitle "EXT 2014"]
[Source "ChessBase"]
[SourceDate "2013.11.20"]
[SourceVersion "1"]
[SourceVersionDate "2013.11.20"]
[SourceQuality "1"]

1. e4 c5 2. Nf3 Nf6 3. Nc3 d5 4. exd5 Nxd5 5. Bb5+ Nc6 6. Ne5 Nxc3 7. dxc3 Qxd1+ 8. Kxd1 a6 9. Bxc6+ bxc6 10. Nc4 Be6 11. Ne3 g6 12. Ke2 Bg7 13. a4 f5 14. f4 Bd5 15. Nxd5 cxd5 16. Rd1 e6 17. Be3 Rc8 18. Ra3 Kd7 19. Rd2 Rb8 20. Rb3 Kc6 21. g3 Rxb3 22. cxb3 Rb8 23. Kd1 Rxb3 24. Kc2 Rb8 25. Rd1 Bf6 26. h4 h5 27. Bf2 Kd6 28. Re1 d4 29. Rd1 Kd5 30. b3 e5 31. c4+ Ke6 32. fxe5 Bxe5 33. Rb1 Kf6 34. Re1 d3+ 35. Kxd3 Rxb3+ 0-1

[Event "IPCA Wch-B 13th"]
[Site "Velke Losiny"]
[Date "2013.06.20"]
[Round "4"]
[White "Vaculik, Jakub"]
[Black "Sergeev, Alexander"]
[Result "0-1"]
[WhiteElo "1995"]
[BlackElo "2364"]
[PlyCount "74"]
[EventDate "2013.06.18"]
[EventType "swiss"]
[EventRounds "9"]
[EventCountry "CZE"]
[SourceTitle "EXT 2014"]
[Source "ChessBase"]
[SourceDate "2013.11.20"]
[SourceVersion "1"]
[SourceVersionDate "2013.11.20"]
[SourceQuality "1"]

1. d4 d5 2. Nf3 Bg4 3. Ne5 Bh5 4. Bf4 f6 5. Nf3 c5 6. Bxb8 Rxb8 7. e4 e5 8. dxe5 dxe4 9. Bb5+ Ke7 10. Qxd8+ Rxd8 11. Nfd2 f5 12. Nc3 Nh6 13. Be2 Bxe2 14. Kxe2 Ke6 15. f4 exf3+ 16. Nxf3 Be7 17. Rad1 Rxd1 18. Rxd1 Rd8 19. Re1 g5 20. h3 a6 21. a4 g4 22. hxg4 fxg4 23. Nd2 Nf5 24. Nb3 h5 25. Rd1 Rxd1 26. Nxd1 Kxe5 27. Ne3 Nxe3 28. Kxe3 h4 29. Na5 Bg5+ 30. Kf2 b5 31. axb5 axb5 32. Ke2 Kd4 33. Kf2 c4 34. b3 Bd8 35. bxc4 bxc4 36. Nxc4 Kxc4 37. Ke3 Bc7 0-1

[Event "IPCA Wch-B 13th"]
[Site "Velke Losiny"]
[Date "2013.06.19"]
[Round "2"]
[White "Gnechko, Ruslan"]
[Black "Sergeev, Alexander"]
[Result "0-1"]
[WhiteElo "2173"]
[BlackElo "2364"]
[PlyCount "110"]
[EventDate "2013.06.18"]
[EventType "swiss"]
[EventRounds "9"]
[EventCountry "CZE"]
[SourceTitle "EXT 2014"]
[Source "ChessBase"]
[SourceDate "2013.11.20"]
[SourceVersion "1"]
[SourceVersionDate "2013.11.20"]
[SourceQuality "1"]

1. d4 d5 2. c4 c6 3. Nf3 Nf6 4. e3 Bg4 5. Qb3 Qb6 6. Nc3 e6 7. Nh4 Be7 8. h3 Bh5 9. g4 Nfd7 10. cxd5 cxd5 11. Qxb6 Nxb6 12. Nf3 Bg6 13. Ne5 Nc6 14. Nxg6 hxg6 15. Be2 f5 16. Kf1 Kf7 17. b3 Nd7 18. Kg2 Rh4 19. Bb2 Nf6 20. f3 g5 21. Na4 f4 22. exf4 gxf4 23. Rac1 g5 24. Bb5 Rc8 25. Rc2 Nd7 26. Rhc1 Ndb8 27. Bf1 Rch8 28. Kh2 Nd7 29. a3 Bf6 30. Rd1 e5 31. Nc5 Nxc5 32. Rxc5 exd4 33. Rxd5 Ne5 34. Kg1 Rxh3 35. Bxh3 Rxh3 36. Rxe5 Bxe5 37. Kg2 Rh6 38. Rd2 Rb6 39. b4 Rd6 40. Kf2 Ke6 41. Ke2 Kd5 42. Kd3 Rh6 43. Rc2 b6 44. Rc8 Rh3 45. Rd8+ Bd6 46. Bxd4 Rxf3+ 47. Ke2 Rxa3 48. Bf6 Ke6 49. Bxg5 f3+ 50. Kf2 Bxb4 51. Be3 Be7 52. Re8 Kf7 53. Rh8 Kg6 54. Rh5 Rb3 55. Kxf3 Bc5 0-1

[Event "Sterlitamak op"]
[Site "Sterlitamak"]
[Date "2010.06.29"]
[Round "6"]
[White "Khokhriakov, Dmitry"]
[Black "Sergeev, Alexander"]
[Result "0-1"]
[WhiteElo "2019"]
[BlackElo "2369"]
[PlyCount "108"]
[EventDate "2010.06.24"]
[EventType "swiss"]
[EventRounds "9"]
[EventCountry "RUS"]
[SourceTitle "CBM 137 Extra"]
[Source "ChessBase"]
[SourceDate "2010.09.01"]
[SourceVersion "1"]
[SourceVersionDate "2010.09.01"]
[SourceQuality "1"]

1. e4 e5 2. Nf3 Nf6 3. Nc3 Bb4 4. Bc4 d6 5. 0-0 Bg4 6. h3 Bh5 7. g4 Bg6 8. d3 h5 9. g5 Nh7 10. Nd5 Bc5 11. h4 c6 12. Ne3 f6 13. Nf5 Bxf5 14. exf5 d5 15. Bb3 Be7 16. g6 Nf8 17. Nh2 Qd7 18. Qf3 Na6 19. Be3 Qc7 20. Rfe1 0-0-0 21. Nf1 Nd7 22. Ng3 Nac5 23. Qe2 Bd6 24. Nxh5 a5 25. a4 Nxb3 26. cxb3 Nc5 27. Bxc5 Bxc5 28. Qg4 Qb6 29. Re2 Rd7 30. Kg2 Qxb3 31. f4 e4 32. dxe4 dxe4 33. Ng3 e3 34. Rc1 Bb6 35. Nf1 Qxa4 36. Rc3 Qe4+ 37. Kh2 Rd1 38. Ng3 Qd5 39. h5 a4 40. Qh3 Bd4 41. Ra3 b5 42. Qg2 Kb7 43. Rc2 Qxg2+ 44. Kxg2 c5 45. Nf1 Re1 46. Ng3 c4 47. Kf3 Kb6 48. Rh2 Rh6 49. Ne4 Rf1+ 50. Kg4 Rb1 51. Ng5 Rg1+ 52. Kh4 fxg5+ 53. fxg5 Rh8 54. Ra2 Kc5 0-1

[Event "Sterlitamak op"]
[Site "Sterlitamak"]
[Date "2010.06.26"]
[Round "3"]
[White "Sergeev, Alexander"]
[Black "Atangulov, Rinat"]
[Result "1-0"]
[WhiteElo "2369"]
[BlackElo "2116"]
[PlyCount "95"]
[EventDate "2010.06.24"]
[EventType "swiss"]
[EventRounds "9"]
[EventCountry "RUS"]
[SourceTitle "CBM 137 Extra"]
[Source "ChessBase"]
[SourceDate "2010.09.01"]
[SourceVersion "1"]
[SourceVersionDate "2010.09.01"]
[SourceQuality "1"]

1. d4 Nf6 2. Nf3 g6 3. g3 Bg7 4. Bg2 d6 5. 0-0 0-0 6. Nc3 c6 7. e4 Nbd7 8. e5 Nd5 9. Nxd5 cxd5 10. exd6 exd6 11. c3 h6 12. Ne1 Nf6 13. Nd3 Bf5 14. Nf4 Be4 15. Qb3 Bxg2 16. Kxg2 Qd7 17. Nxd5 Qc6 18. c4 Nxd5 19. cxd5 Qd7 20. Be3 Rfc8 21. Rac1 Rxc1 22. Rxc1 Rc8 23. Rc3 g5 24. Qc2 Re8 25. Rc7 Qb5 26. Qf5 Rf8 27. b3 Qa5 28. Rxb7 Qxa2 29. h3 Qa6 30. Qd7 Qd3 31. Qxd6 Bxd4 32. Bxd4 Qxd4 33. Rb4 Qc3 34. h4 a5 35. Rb6 gxh4 36. Qxh6 hxg3 37. Qg5+ Qg7 38. Qxg3 Ra8 39. d6 Qxg3+ 40. Kxg3 Kg7 41. d7 Rd8 42. Rd6 Kf8 43. Kf4 Ke7 44. Ke5 f6+ 45. Kd5 f5 46. Kc6 f4 47. Kc7 f3 48. Rd3 1-0

[Event "Sterlitamak op"]
[Site "Sterlitamak"]
[Date "2010.06.25"]
[Round "2"]
[White "Balakhontsev, Evgeny"]
[Black "Sergeev, Alexander"]
[Result "0-1"]
[WhiteElo "1933"]
[BlackElo "2369"]
[PlyCount "48"]
[EventDate "2010.06.24"]
[EventType "swiss"]
[EventRounds "9"]
[EventCountry "RUS"]
[SourceTitle "CBM 137 Extra"]
[Source "ChessBase"]
[SourceDate "2010.09.01"]
[SourceVersion "1"]
[SourceVersionDate "2010.09.01"]
[SourceQuality "1"]

1. e4 Nc6 2. d4 e5 3. d5 Nce7 4. Nf3 Ng6 5. c4 Nf6 6. Nc3 Bb4 7. Bd3 0-0 8. 0-0 d6 9. Bd2 Nh5 10. Ne2 Bxd2 11. Qxd2 Nhf4 12. g3 Nxd3 13. Qxd3 Bh3 14. Rfc1 f5 15. c5 fxe4 16. Qxe4 Qf6 17. Rc3 dxc5 18. Qe3 b6 19. Re1 Rad8 20. Ng5 Bf5 21. Rd1 h6 22. Nf3 c6 23. Ra3 Rf7 24. Nc3 Bg4 0-1

[Event "Nikaia op 17th"]
[Site "Nikaia"]
[Date "2009.08.27"]
[Round "7"]
[White "Kotrotsos, Vasilios"]
[Black "Sergeev, Alexander"]
[Result "1-0"]
[WhiteElo "2359"]
[BlackElo "2363"]
[PlyCount "121"]
[EventDate "2009.08.22"]
[EventType "swiss"]
[EventRounds "9"]
[EventCountry "GRE"]
[SourceTitle "CBM 132 Extra"]
[Source "ChessBase"]
[SourceDate "2009.11.03"]
[SourceVersion "1"]
[SourceVersionDate "2009.11.03"]
[SourceQuality "1"]

1. e4 c5 2. Nf3 e6 3. d4 cxd4 4. Nxd4 Nf6 5. Nc3 Nc6 6. Be3 Bb4 7. Nxc6 bxc6 8. Qd3 0-0 9. Be2 d5 10. 0-0 a5 11. e5 Ba6 12. Qd1 Nd7 13. Bxa6 Rxa6 14. Qe2 Ra8 15. f4 a4 16. Nd1 a3 17. b3 f6 18. c3 Be7 19. exf6 Bxf6 20. Bd4 Bxd4+ 21. cxd4 Qf6 22. Qd2 e5 23. dxe5 Nxe5 24. Nc3 Ng6 25. g3 Rae8 26. Rae1 h5 27. Na4 h4 28. Nc5 Qf5 29. Qd3 Qg4 30. Qd1 Qxd1 31. Rxd1 Re2 32. Rf2 Rfe8 33. Nd3 R8e3 34. Kf1 Rxf2+ 35. Kxf2 Re7 36. Rc1 hxg3+ 37. hxg3 Rc7 38. Rc5 Ne7 39. Ra5 Kf7 40. b4 Nf5 41. Rxa3 Ke6 42. Nc5+ Kd6 43. g4 Nd4 44. Ra8 Rf7 45. Nd3 Re7 46. Rd8+ Kc7 47. Rg8 Re2+ 48. Kf1 Rxa2 49. Rxg7+ Kb6 50. Ne5 Rb2 51. f5 Rxb4 52. f6 Ne6 53. Re7 Ng5 54. f7 Rf4+ 55. Kg2 Kc5 56. Re8 Rxf7 57. Nxf7 Nxf7 58. Rf8 Ne5 59. g5 Kd6 60. g6 Nxg6 61. Rf6+ 1-0

[Event "Nikaia op 17th"]
[Site "Nikaia"]
[Date "2009.08.26"]
[Round "6"]
[White "Sergeev, Alexander"]
[Black "Rusev, Krasimir"]
[Result "1/2-1/2"]
[WhiteElo "2363"]
[BlackElo "2543"]
[PlyCount "22"]
[EventDate "2009.08.22"]
[EventType "swiss"]
[EventRounds "9"]
[EventCountry "GRE"]
[SourceTitle "CBM 132 Extra"]
[Source "ChessBase"]
[SourceDate "2009.11.03"]
[SourceVersion "1"]
[SourceVersionDate "2009.11.03"]
[SourceQuality "1"]

1. e4 c5 2. Nc3 Nc6 3. Bb5 Nd4 4. Ba4 a6 5. Bb3 e6 6. Nf3 Nxb3 7. axb3 d6 8. d4 cxd4 9. Qxd4 Ne7 10. Bg5 Nc6 11. Qd2 Qc7 1/2-1/2